000 00658nam a2200217 i 4500
001 119582
003 ES-MaACL
005 20260129170029.0
007 t|
008 070214s1962 sp 00110 spa d
100 1 _aPiettre, André.
_991983
245 1 0 _aMarx y marxismo /
_cAndré Piettre ; traducción de José Vila Selma.
260 _aMadrid :
_bRialp,
_c1962.
300 _a451 p. ;
_c19 cm.
490 1 _aBiblioteca del pensamiento actual ;
_v111
650 0 4 _aMarxismo.
_914803
700 1 _aVila Selma, José.
_9114738
830 1 _aBiblioteca del pensamiento actual
_v111
_9181187
852 _aES-MaACL
_jC-21097
999 _c119582
_d119582